000 01332cam a2200361 i 4500
001 25705
003 Mx-PuUPA
005 20250218135757.0
008 140415s1983 mx gr 000 f spa d
020 _a9684193025
040 _aMx-PuUPA
_cMx-PuUPA
_bspa
_dMx-PuUPA
_erda
041 1 _aspa
_heng
100 1 _aArcher, Jeffrey,
_d1940-
_913798
_eautor
240 1 4 _aThe prodigal daughter.
_lEspañol
245 1 3 _aLa hija pródiga /
_cJeffrey Archer ; traducción, José Antonio Bravo
264 1 _aMéxico, D. F. :
_bEditorial Grijalbo,
_c©1983
300 _a485 páginas ;
_c20 cm
336 _2rdacontent
_atexto
_btxt
337 _2rdamedia
_asin medio
_bn
338 _2rdacarrier
_avolumen
_bnc
650 7 _2armarc
_aMujeres de negocios
_vNovela
650 7 _2armarc
_aHijos de migrantes
_zEstados Unidos
_vNovela
650 7 _2armarc
_aRelaciones hombre - mujer
_vNovela
655 7 _2armarc
_aNovela inglesa
_ySiglo XX
655 7 _2armarc
_aNovela romántica
700 1 _aBravo, José Antonio,
_etraductor
765 0 _aArcher, Jeffrey, 1940-
_dLondres : Hodder and Stoughton, 1982
_tThe prodigal daughter.
942 _2ddc
_cLI
_h823.914
_iA66
999 _c25705
_d25705